Central Library OPAC University of Rajshahi

Beta decay for pedestrians / (Record no. 68033)

MARC details
000 -LEADER
fixed length control field 00776nam a2200253 a 4500
001 - CONTROL NUMBER
control field 68033
003 - CONTROL NUMBER IDENTIFIER
rucl marc code BD-RjUL
005 - DATE AND TIME OF LATEST TRANSACTION
control field 20211209081726.0
008 - FIXED-LENGTH DATA ELEMENTS--GENERAL INFORMATION
fixed length control field 170330s1962 ne a b 000 0 eng
035 ## - SYSTEM CONTROL NUMBER
System control number (BD-RjUL)68242
040 ## - CATALOGING SOURCE
Original cataloging agency DLC/ICU
Transcribing agency ICU
Modifying agency DLC
-- BD-RjUL
Language of cataloging eng
041 ## - LANGUAGE CODE
Language code of text/sound track or separate title eng
082 00 - DEWEY DECIMAL CLASSIFICATION NUMBER
Edition number 23
Classification number 539.7523
Author mark and year LIB 1962
100 1# - MAIN ENTRY--PERSONAL NAME
Personal name Lipkin, Harry J.
9 (RLIN) 201661
245 10 - TITLE STATEMENT
Title Beta decay for pedestrians /
Statement of responsibility, etc. Harry J Lipkin.
260 ## - PUBLICATION, DISTRIBUTION, ETC. (IMPRINT)
Place of publication, distribution, etc. Amsterdam :
Name of publisher, distributor, etc. North-Holland Pub. Co.;
Place of publication, distribution, etc. New York :
Name of publisher, distributor, etc. Interscience Publishers,
Date of publication, distribution, etc. 1962.
300 ## - PHYSICAL DESCRIPTION
Pagination viii, 117 p. :
Illustrations ill. ;
Size 22 cm.
490 ## - SERIES STATEMENT
Series statement Series in physics
504 ## - BIBLIOGRAPHY, ETC. NOTE
Bibliography, etc Includes bibliography.
650 #0 - SUBJECT ADDED ENTRY--TOPICAL TERM
Topical term or geographic name as entry element Radioactivity.
9 (RLIN) 201662
Topical term or geographic name as entry element Beta decay.
9 (RLIN) 201663
830 ## - SERIES ADDED ENTRY--UNIFORM TITLE
Uniform title Series in physics.
942 ## - ADDED ENTRY ELEMENTS (KOHA)
Source of classification or shelving scheme Dewey Decimal Classification
Koha item type Books
Holdings
Lost status Source of classification or shelving scheme Damaged status Not for loan Collection code Permanent Location Current Location Shelving location Date acquired Source of acquisition Cost, normal purchase price Total Checkouts Full call number Date last seen Copy number Koha item type
  Dewey Decimal Classification   Not For Loan Non-fiction Central Library, University of Rajshahi Central Library, University of Rajshahi Reading Room 10/11/1965 Zeitlinger 24.00   539.7523 LIB 1962 30/03/2017 C-1 Books